BIBLIOTHÈQUE DE LA MAISON DU MEXIQUE

Logo 1 Logo 2

Cuatro filósofos y lo sagrado (notice nᵒ 6060)

détails MARC
000 -Sello discográfico
campo de control de longitud fija 01162nam a2200325 4500
005 - Identificación de versión
campo de control 20251016084555.0
010 ## - Número Estándar Internacional de Libros (ISBN)
Número (ISBN) 968-27-0201-1
099 ## - fechas locales
Tipo de ítem Koha LIBRO
100 ## - Datos de procesamiento general
Datos de procesamiento general 20220111d1986 m y1spay5003 ba
105 ## - Campo de datos codificados: Material textual, monográfico
Datos codificados de monografía y 001zy
200 1# - Título y mención de responsabilidad
Título propio Cuatro filósofos y lo sagrado
Designación general del material texto impreso
Otra información del título Teilhard de Chardin, Heidegger, Wittgenstein, Simone Weil
Primer mención de responsabilidad Ramón Xirau
205 ## - Declaración de edición
Declaración de edición 1a ed
210 ## - Publicación, distribución, etc.
Lugar de publicación, distribución, etc. México
Nombre del editor, distribuidor, etc. Editorial Joaquín Mortiz
Fecha de publicación, distribución, etc. 1986
215 ## - Descripción física
Designación de material específico y extensión del ítem 101 p
Dimensiones 21 cm
300 ## - Notas generales
Texto de la nota Ejemplar dedicado por el autor
318 ## - Nota de acción
Acción No se presta a domicilio
345 ## - Nota de información de adquisición
Fuente de adquisición/dirección de la suscripción [OBSOLETO] Donación Jacques-Alain de Sédouy
410 #1 - Series
Título Cuadernos de Joaquín Mortiz
606 ## - Término temático usado como materia
Elemento de entrada Filosofía y religión
Subdivisión temática Alocuciones, ensayos y conferencias
Número Koha 11552
606 ## - Término temático usado como materia
Elemento de entrada Filosofía
Subdivisión temática Alocuciones, ensayos y conferencias
Número Koha 1564
660 ## - Código de área geográfica
Código MX
700 ## - Nombre personal - Responsabilidad primaria
Elemento de entrada Xirau Subias
Parte del nombre distinta del elemento de entrada Ramón
Fechas 1924-2017
Número Koha 550
801 #0 - Fuente de origen
País FR
Agencia cm
Reglas de catalogación (convenciones descriptivas) AFNOR
900 ## -
-- 1/21634
900 ## -
-- 7100417642\080104
942 ## - ELEMENTOS DE ENTRADA SECUNDARIOS (KOHA)
Tipo de ítem Koha Livre
996 ## -
-- MEX
-- 751145101
-- MMAG
-- 005767
-- R104 X6CU
-- 20220111LIV
Exemplaires
Estatus retirado Estado de daño Estado de pérdida Fecha de adquisición Biblioteca de origen Biblioteca actual Ubicación en estantería Código de barras Precio de reemplazo Signatura topográfica completa No para préstamo Tipo de ítem Koha Nota pública Nota no pública
      05/08/2025 Casa México Paris Casa México Paris   005767 05/08/2025 R104 X6CU No se presta a domicilio Livre 20220111LIV 751145101